000 00289nam a22001337a 4500
008 171005b xxu||||| |||| 00| 0 eng d
020 _a0134770013
041 _aeng
080 _a519.9
100 _a48
101 _aPSI
245 _aTHE ART OF INTIMACY
_cMALONE,TH.P
942 _2udc
_cBK
999 _c31855
_d31855